00464nam a2200193Ia 4500008004100000020001800041050001400059100002200073245002000095245002500115260001500140260001600155260000900171300001500180300002700195300001000222300003000232500000800262170918s9999 xx 000 0 und d a9780545390781 bC217 2011 aCarney, Elizabeth aCats vs. dogs / cby Elizabeth Carney. aNew York : bScholastic, c2011 a48 pages : bcolored illustration ; c22cm. eNational geographic kids. a770